Statistiques concernant Devinez le Département Mystère #37

Cliquez ici pour prendre le quiz!

Statistiques générales

  • Ce quiz a été pris 133 fois
  • Le résultat moyen est 27 sur 34

Statistiques - réponses

Type de RéponseRéponse% Correct
Lettre TrouvéeE
100%
Lettre de l'AlphabetN
100%
Lettre TrouvéeA
99%
Lettre de l'AlphabetI
99%
Lettre de l'AlphabetO
99%
Lettre TrouvéeR
99%
Lettre de l'AlphabetL
98%
Lettre de l'AlphabetS
97%
Lettre TrouvéeD
96%
Lettre de l'AlphabetT
95%
Lettre TrouvéeH
93%
Lettre de l'AlphabetM
93%
Lettre TrouvéeC
91%
Lettre de l'AlphabetU
91%
Lettre de l'AlphabetV
89%
Lettre de l'AlphabetG
88%
Lettre de l'AlphabetB
85%
Lettre Bien PlacéeE
83%
Lettre de l'AlphabetP
77%
Lettre de l'AlphabetY
75%
Lettre de l'AlphabetF
71%
Lettre de l'AlphabetZ
69%
Lettre Bien PlacéeÈ
66%
Lettre de l'AlphabetJ
64%
Lettre de l'AlphabetQ
63%
Lettre Bien PlacéeA
59%
Lettre de l'AlphabetX
59%
Département MystèreArdèche
57%
Lettre Bien PlacéeC
57%
Lettre Bien PlacéeD
57%
Lettre Bien PlacéeH
57%
Lettre de l'AlphabetK
57%
Lettre Bien PlacéeR
57%
Lettre de l'AlphabetW
57%

Distribution des résultats

Percentile par nombre de réponses

% des personnes avec chaque résultat

Votre développement - résultats

Vous n’avez pas pris ce quiz